| 000 | 00505cas a22001815a 4500 | ||
|---|---|---|---|
| 001 | ##L29 | ||
| 008 | 070823c1989 xxkwr ps 0 a0eng | ||
| 022 | 1 | _a0007-3423 | |
| 035 | _a(Sirsi) u98918 | ||
| 041 | 0 | _aeng | |
| 245 | 0 | 0 | _aBuilding Design |
| 260 | 3 |
_aLondon _bCMP _c1989- |
|
| 651 | 4 | _aUnited Kingdom | |
| 690 | _aBUILT ENVIRONMENT | ||
| 856 | 4 | 1 |
_uhttps://www.rics.org/profession-standards/knowledge-and-information-services _zHow to access eJournals |
| 942 |
_n0 _2ddc |
||
| 948 | _c03/02/1994 | ||
| 999 |
_c118581 _d118581 |
||